书目信息 |
| 题名: |
国学常识
|
|
| 作者: | 曹伯韩 | |
| 分册: | ||
| 出版信息: | 北京 新世界出版社 2015.12 |
|
| 页数: | 216页 | |
| 开本: | 16cm | |
| 丛书名: | ||
| 单 册: | ||
| 中图分类: | Z126-49 | |
| 科图分类: | ||
| 主题词: | 丛书--中国 | |
| 电子资源: | ||
| ISBN: | 978-7-5104-5542-1 | |
| 000 | 00564nam0 2200205 450 | |
| 001 | 850 | |
| 005 | 20160912094908.21 | |
| 010 | @a978-7-5104-5542-1@b平装@dCNY26.80 | |
| 100 | @a20160724d2015 km y0chiy0120 ea | |
| 101 | 0 | @achi |
| 102 | @aCN@b110000 | |
| 200 | 1 | @a国学常识@Aguo xue chang shi@f曹伯韩@Fcao bo han |
| 210 | @a北京@c新世界出版社@d2015.12 | |
| 215 | @a216页@d16cm | |
| 330 | @a国学·青少年读物 | |
| 606 | 0 | @a丛书@x中国 |
| 690 | @aZ126-49@v4 | |
| 701 | 0 | @a曹伯韩@Acao bo han |
| 801 | 0 | @aCN@b唐山师范学院图书馆@c20160724 |
| 905 | @aZUCC@dZ126-49@e112 | |
| 国学常识/曹伯韩.-北京:新世界出版社,2015.12 |
| 216页;16cm |
| ISBN 978-7-5104-5542-1(平装):CNY26.80 |
| 国学·青少年读物 |
| ● |
| 相关链接 |
|
|
|
|
正题名:国学常识
索取号:Z126-49/112
 
预约/预借
| 序号 | 登录号 | 条形码 | 馆藏地/架位号 | 状态 | 备注 |
| 1 | 903716 | 209037166 | 第二样本阅览室/ [索取号:Z126-49/112] | 在馆 | |
| 2 | 903717 | 209037175 | 第三借阅区/ [索取号:Z126-49/112] | 在馆 | |
| 3 | 903718 | 209037184 | 第三借阅区/ [索取号:Z126-49/112] | 在馆 | |
| 4 | 903719 | 209037193 | 第三借阅区/ [索取号:Z126-49/112] | 在馆 | |
| 5 | 903720 | 209037200 | 第三借阅区/ [索取号:Z126-49/112] | 在馆 |